Social facts and fabrications : "customary" law on Kilimanjaro, 1880-1980 / (Record no. 532)

000 -LEADER
fixed length control field 01121cam a2200301 a 4500
001 - CONTROL NUMBER
control field 2859197
005 - DATE AND TIME OF LATEST TRANSACTION
control field 20140116120830.0
008 - FIXED-LENGTH DATA ELEMENTS--GENERAL INFORMATION
fixed length control field 850405s1986 enka b 001 0 eng
010 ## - LIBRARY OF CONGRESS CONTROL NUMBER
LC control number 85007897
020 ## - INTERNATIONAL STANDARD BOOK NUMBER
International Standard Book Number 9780521312011
040 ## - CATALOGING SOURCE
Original cataloging agency DLC
Transcribing agency DLC
Modifying agency DLC
043 ## - GEOGRAPHIC AREA CODE
Geographic area code f-tz---
050 00 - LIBRARY OF CONGRESS CALL NUMBER
Classification number KQ9000.M66 1986
100 1# - MAIN ENTRY--PERSONAL NAME
Personal name Moore, Sally Falk
245 10 - TITLE STATEMENT
Title Social facts and fabrications : "customary" law on Kilimanjaro, 1880-1980 /
Statement of responsibility, etc Sally Falk Moore.
260 ## - PUBLICATION, DISTRIBUTION, ETC. (IMPRINT)
Place of publication, distribution, etc Cambridge [Cambridgeshire] :
Name of publisher, distributor, etc Cambridge University Press,
Date of publication, distribution, etc 1986.
300 ## - PHYSICAL DESCRIPTION
Extent xvi, 397 p. :
Other physical details ill.
440 #4 - SERIES STATEMENT/ADDED ENTRY--TITLE
Title The Lewis Henry Morgan lectures ;
504 ## - BIBLIOGRAPHY, ETC. NOTE
Bibliography, etc Includes index and bibliography .
650 #0 - SUBJECT ADDED ENTRY--TOPICAL TERM
Topical term or geographic name as entry element Law, Chaga.
650 #0 - SUBJECT ADDED ENTRY--TOPICAL TERM
Topical term or geographic name as entry element Customary law
Geographic subdivision Tanzania
-- Kilimanjaro.
650 #0 - SUBJECT ADDED ENTRY--TOPICAL TERM
Topical term or geographic name as entry element Chaga (African people)
General subdivision Social life and customs.
856 42 - ELECTRONIC LOCATION AND ACCESS
Materials specified Publisher description
Uniform Resource Identifier <a href="http://www.loc.gov/catdir/description/cam031/85007897.html">http://www.loc.gov/catdir/description/cam031/85007897.html</a>
856 41 - ELECTRONIC LOCATION AND ACCESS
Materials specified Table of contents only
Uniform Resource Identifier <a href="http://www.loc.gov/catdir/enhancements/fy0906/85007897-t.html">http://www.loc.gov/catdir/enhancements/fy0906/85007897-t.html</a>
906 ## - LOCAL DATA ELEMENT F, LDF (RLIN)
a 7
b cbu
c orignew
d 1
e ocip
f 19
g y-gencatlg
942 ## - ADDED ENTRY ELEMENTS (KOHA)
Source of classification or shelving scheme
Item type Book
Holdings
Withdrawn status Lost status Source of classification or shelving scheme Damaged status Not for loan Home library Current library Date acquired Source of acquisition Total Checkouts Full call number Barcode Date last seen Copy number Price effective from Koha item type
          Riara University Library Riara University Library 22/10/2011 Purchase   KQ9000.M66 1986 566/11 22/10/2011 C.1 22/10/2011 Book
          Riara University Library Riara University Library 22/10/2011 Purchase   KQ9000.M66 1986 297/11 22/10/2011 C.2 22/10/2011 Book
          Riara University Library Riara University Library 22/10/2011 Purchase   KQ9000.M66 1986 565/11 22/10/2011 C.3 22/10/2011 Book

Riara University Library,
P.O. Box 49940-00100,
Nairobi, Kenya.